| 000 | 00948nam a22002657i 4500 | ||
|---|---|---|---|
| 999 |
_c23062 _d23062 |
||
| 003 | AR-CdUCM | ||
| 008 | 240916b20222022 pe||||| |||| 00| 0 spa d | ||
| 020 | _a978-612-00-7406-0 | ||
| 040 |
_aMUNICIPALIDAD PROVINCIAL DEL CUSCO _cBIBLIOTECA MUNICIPAL DEL CUSCO |
||
| 041 | _hspa | ||
| 082 |
_a530.156182 / H93U _bH93U |
||
| 100 |
_aHumpire Castillo, Jesús Efraín _950511 |
||
| 245 |
_aUna visión geométrica de los vectores en el plano : _bFísica / |
||
| 260 |
_acusco : _c2022 |
||
| 300 |
_a104 páginas. : _c 28 cm. |
||
| 500 | _zBibliografía: página 104 | ||
| 505 | _aVector -- Modulo de un vector -- Vector unitario -- Dirección de un vector -- Suma de vectores -- Combinación lineal de vectores | ||
| 650 |
_aVectores _950524 |
||
| 650 |
_aEjercicios _919599 |
||
| 650 |
_aPlano _913414 |
||
| 650 |
_aResolución _924258 |
||
| 700 |
_aVargas Soto, Eduardo Enrique _950513 |
||
| 942 |
_2ddc _cLIBROS |
||
| 945 |
_apbj _d2024-09-16 |
||